| 000 | 00409nam a2200157Ia 4500 | ||
|---|---|---|---|
| 008 | 150509s9999 xx 000 0 und d | ||
| 082 | _a338.06 PAR | ||
| 100 | _aParker, John Edgar Sayce | ||
| 245 | 4 | _aThe economics of innovation | |
| 260 | _aLondon: | ||
| 260 | _bLongman | ||
| 260 | _c1974 | ||
| 300 | _aviii, 297p. :ill. ;24cm. | ||
| 500 | _aIncludes Index | ||
| 650 | _aTechnologicalEconomic development | ||
| 999 |
_c2712 _d2712 |
||